000 01409nam a22002777a 4500
008 110803t1961 xxu||||g |||| 000 0 ara d
082 _222
_a158.3
_bب ن ج
100 _926554
_aبنجهام،والتر فاندايك
245 _aسيكولوجية المقابلة /
_cتأليف والتر فاندايك و بروس فيكتور مور؛ترجمة فاروق عبد القادر و عزت سيد إسماعيل
260 _aالقاهرة:
_b.دار النهضة العربية،1961
_c1961.
300 _a328ص،
_c24سم.
650 _926555
_aالمقابلات
650 _926556
_aالإرشاد النفسى
653 _bGeneral
_cAugust2011
700 _926557
_aمور،بروس فيكتور
_cمؤلف
700 _926557
_aمور،بروس فيكتور
_cمؤلف
700 _926557
_aمور،بروس فيكتور
_cمؤلف
700 _926558
_aعبد القادر ،فاروق
_cمترجم
700 _926558
_aعبد القادر ،فاروق
_cمترجم
700 _926558
_aعبد القادر ،فاروق
_cمترجم
700 _926568
_aإسماعيل،عزت سيد
_cمترجم
700 _926569
_aحمزة،مختار
_cمراجع
700 _926570
_aرمزى،محمد توفيق
_cمقدم
942 _2ddc
_cBB
999 _c15784
_d15784